| 000 | 00872nam a22002177a 4500 | ||
|---|---|---|---|
| 999 |
_c19812 _d19812 |
||
| 003 | AR-CdUCM | ||
| 008 | 190522b ||||| |||| 00| 0 spa d | ||
| 040 |
_aMUNICIPALIDAD PROVINCIAL DEL CUSCO _cBIBLIOTECA MUNICIPAL DEL CUSCO |
||
| 082 |
_a512.9 / _bS31 |
||
| 100 |
_aSchwartz, Jacob T. : _941428 |
||
| 245 | _aIntroducción al estudio de matrices y vectores / | ||
| 260 |
_aEspaña : _bCastilla, _c1966. |
||
| 300 |
_a168 páginas ; _c24 cm. |
||
| 505 | _aContenido: Definición, igualdad y adición de matrices -- Multiplicación de matrices -- División de matrices -- Vectores y ecuaciones lineales... | ||
| 650 |
_aMatrices _941429 |
||
| 650 |
_avectores _941430 |
||
| 650 |
_aEcuaciones lineales _923669 |
||
| 700 |
_aJ. De Huidobro Quintana(traducción), J. Flórez De Losada Herrero(adaptación) _941431 |
||
| 942 |
_2ddc _cLIBROS |
||
| 945 |
_aAndy _d2019-05-22 |
||